000 00671nam a2200205Ii 4500
003 JO-AjNU
008 230606s9999||||xx |||||||||||||| ||und||
020 _a978-0-226-30666-7(cloth) , 0-226-30666-6-(cloth)
040 _aJO-AjNU
_beng
_erda
_cJO-AjNU
041 _aeng
050 1 4 _aPR2976.G738 2009
100 3 _aGREENBLATT,STEPHEN,
_eauthor
_92637
245 0 0 _aShakespeare'S freedom
264 3 1 _aLONDON: THE UNIVERSITY OF CHICAGO PRESS, 2010
300 _a144P
336 _atext
_btxt
_2rdacontent
337 _aunmediated
_bn
_2rdamedia
338 _avolume
_bnc
_2rdacarrier
650 4 _aShakespeare,William - Criticism and interpretation - Philosophy
_92638
999 _aE1378
_c1378
_d1378